UML 2 Analyse et conception: (Record no. 47165)
[ view plain ]
| 000 -LEADER | |
|---|---|
| fixed length control field | 00579nam a22002177a 4500 |
| 003 - CONTROL NUMBER IDENTIFIER | |
| control field | 0 |
| 005 - DATE AND TIME OF LATEST TRANSACTION | |
| control field | 20160609165526.0 |
| 008 - FIXED-LENGTH DATA ELEMENTS--GENERAL INFORMATION | |
| fixed length control field | 100521t xxu||||| |||| 00| 0 eng d |
| 020 ## - NUMERO INTERNATIONAL NORMALISE DES LIVRES | |
| International Standard Book Number | ISBN 978-2-10-051830-2 |
| 035 ## - SYSTEM CONTROL NUMBER | |
| System control number | 10893 |
| 040 ## - SOURCE DU CATALOGAGE | |
| Original cataloging agency | BUAC |
| Transcribing agency | ENEAM |
| 041 ## - CODE DE LANGUE | |
| Language code of text/sound track or separate title | Fr |
| 082 ## - DEWEY DECIMAL CLASSIFICATION NUMBER | |
| Classification number | 600 |
| 100 ## - VEDETTE PRINCIPALE - NOM DE PERSONNE | |
| Personal name | GABAY, Joseh |
| 9 (RLIN) | 5474 |
| 245 ## - TITLE STATEMENT | |
| Title | UML 2 Analyse et conception: |
| Remainder of title | mise en oeuvre guidée avec études de cas |
| Statement of responsibility, etc | / Joseph Gabay |
| 260 ## - PUBLICATION, DISTRIBUTION, ETC. (IMPRINT) | |
| Place of publication, distribution, etc | Paris: |
| Name of publisher, distributor, etc | Dunod, |
| Date of publication, distribution, etc | 2008 |
| 300 ## - PHYSICAL DESCRIPTION | |
| Extent | 224p. |
| Other physical details | 23cm. |
| 600 ## - SUBJECT ADDED ENTRY--PERSONAL NAME | |
| Personal name | GABAY, David |
| 9 (RLIN) | 5475 |
| 650 ## - SUBJECT ADDED ENTRY--TOPICAL TERM | |
| Topical term or geographic name as entry element | Informatique |
| 9 (RLIN) | 5476 |
| 942 ## - ADDED ENTRY ELEMENTS (KOHA) | |
| Koha item type | Livre |
| Withdrawn status | Lost status | Damaged status | Not for loan | Location (home branch) | Sublocation or collection (holding branch) | Date acquired | Source of acquisition | Koha issues (times borrowed) | Koha full call number | Koha date last seen | Copy number | Price effective from | Koha item type |
|---|---|---|---|---|---|---|---|---|---|---|---|---|---|
| Bibliothèque de l'Ecole Nationale d'Economie Appliquée et de Management | Bibliothèque de l'Ecole Nationale d'Economie Appliquée et de Management | 21/05/2010 | Achat | 600 | 21/05/2010 | 1 | 21/05/2010 | Livre |